00496nam a22001697a 450000500170000001000150001702000260003203500140005803700090007208200160008110000270009724500500012425000060017426000390018027000870021930000200030620260212112830.0 aENG-147835 a9789391962807c495.00 aEN-131367 bDBAD a301.095421 aPrasad, Mamidala Laxmi aSociological Tapestry/cMamidala Laxmi Prasad a1 aNew DelhibAvni Publicationsc2024 aRZ-45D, Street No. 2, Main SagarpurbNew Delhie110046mavnipublications@gmail.com a116p.c22cm(hb)